| 000 | 00676nam a2200229 4500 | ||
|---|---|---|---|
| 003 | MX-MxINE | ||
| 005 | 20260530115315.0 | ||
| 008 | 260504b1976 sp ||||| |||| 00| 0 spa d | ||
| 020 | _a8425206146 | ||
| 040 |
_aICI _bspa _cICI _erda |
||
| 050 |
_aTR685 _bH43 |
||
| 100 |
_aHeartfield, John, _eautor _933462 |
||
| 245 | 1 | 0 |
_aGuerra en la paz : _bFotomontajes sobre el periodo 1930-1938. |
| 264 | 1 |
_aBarcelona : _bGustavo Gili, _c1976 |
|
| 300 | _a153 páginas | ||
| 336 |
_2rdacontent _atexto |
||
| 337 |
_2rdamedia _asin medio |
||
| 338 |
_2rdacarrier _avolumen |
||
| 490 | 0 | _aColección punto y línea | |
| 650 | 4 |
_aComposición fotográfica _933463 |
|
| 942 |
_2lcc _n1 _cBK |
||
| 999 |
_c13543 _d13543 |
||